|
|
|
|
| LEADER |
00759pam a22002538a 4500 |
| 001 |
00029774 |
| 005 |
20171026081022.0 |
| 008 |
121121s2000 ||||||engsd |
| 020 |
# |
# |
|a 0194227014
|
| 041 |
0 |
# |
|a eng
|
| 082 |
1 |
4 |
|a 823
|b T206O
|
| 100 |
1 |
# |
|a Hardy, Thomas
|d 1840-1928
|
| 245 |
1 |
0 |
|b Stage 6 (2500 headwords)
|a Tess of the d'Urbervilles
|c Thomas Hardy
|
| 260 |
# |
# |
|a New York
|b Oxford University Press
|c 2000
|
| 300 |
# |
# |
|c 21 cm.
|a 136 p.
|
| 490 |
# |
# |
|a Oxford Bookworms Library. Classics
|
| 653 |
# |
# |
|a Truyện ngắn
|
| 653 |
# |
# |
|a Văn học Anh
|
| 852 |
# |
# |
|b Kho đọc
|j KD.0012212
|
| 852 |
# |
# |
|j KD.0012212
|
| 910 |
0 |
# |
|d 21/11/2012
|
| 980 |
# |
# |
|a Trung tâm Học liệu Lê Vũ Hùng, Trường Đại học Đồng Tháp
|